Score 0/20 Timer 03:00
1 Play Today
Movie Missing Word % Correct
Kung Fu ____Panda
95.7%
Lara Croft: ____ RaiderTomb
93.6%
The ____ HulkIncredible
92%
2 Fast 2 ____Furious
90.3%
The ____ IdentityBourne
89%
The ____ LockerHurt
87.3%
Ocean's ____13
86.9%
____ DynamiteNapoleon
82%
The ____ StormPerfect
81.4%
Mr. Popper's ____Penguins
78.4%
Movie Missing Word % Correct
The ____ In Our StarsFault
73.1%
Batman ____Begins
73%
Man of ____ Steel
72.1%
____ ReportMinority
70.2%
Snow White and the ____Huntsman
70%
Cinderella ____Man
65.6%
Get Him to the ____Greek
63.3%
Dodgeball: A True ____ StoryUnderdog
61.6%
A ____ Home CompanionPrairie
43%
The ____ RingBling
23%

Today's Daily Dose

Missing Word
'T' Pairs

Word Ladder
Game Pieces

Get the Picture
Baseball Movies

Remove Ads.
Support Sporcle.
Get the best of Sporcle when you Go Orange. This ad-free experience offers more features, more stats, and more fun while also helping to support Sporcle. Thank you for becoming a member.

You're not logged in!

Compare scores with friends on all Sporcle quizzes.
OR
Log In

Show Comments

Extras

Top Quizzes Today


Score Distribution

Your Account Isn't Verified!

In order to create a playlist on Sporcle, you need to verify the email address you used during registration. Go to your Sporcle Settings to finish the process.

Report this User

Report this user for behavior that violates our Community Guidelines.

Details: